000 00695nam a22002297a 4500
003 URS
005 20240418211732.0
008 231002t2022 |||||||| |||| 00| 0 eng d
020 _a9789350147467
040 _cURS
_erda
050 1 4 _aBJ 324.V35
_bSo699 2022
245 0 0 _aUniversal human values and professional ethics /
_cby Dr. Ritu Soryan.
264 1 _aNew Delhi :
_bKatson Books,
_c2022
264 4 _c©2022
300 _axv, 300 pages :
_billustrations ;
_c25 cm
336 _2rdacontent
_atext
337 _2rdamedia
_aunmediated
338 _2rdacarrier
_avolume
504 _aIncludes bibliographical references and index.
650 0 _aProfessional ethics
942 _2lcc
_cFR
999 _c78172
_d78171